000 00455nam a2200181 i 4500
001 bg
100 1 _aNIKIEL, Tadeusz
245 0 _aTurbiny parowe /
_cTadeusz Nikiel.
250 _aWyd.4.
260 _aWarszawa :
_bWydawnictwa Naukowo-Techniczne,
_c1989.
650 9 _aTurbiny parowe
655 _aPodręczniki akademickie
040 _cBPK
041 _apol
080 _a621.165(075.8)
942 _cKS
008 s pl f |000 0 pol
999 _c3960
_d3960
856 _uhttp://koha.tu.koszalin.pl/cgi-bin/koha/opac-detail.pl?biblionumber=3960
_yKatalog online BPK